000 00589nam a2200217Ia 4500
005 20250205051203.0
008 240331s9999 xx 000 0 und d
020 _a0253206820
082 _bFRA
_21161
_a305.4
245 0 _aRevaluing French Feminism:
_bCritical Essays on Difference, Agency, and Culture
260 _aBloomington;
_aIndianapolis
_bIndiana University Press
_c1992
300 _a201 p.,
650 _aFrench
650 _aFeminism
650 _aAgency
650 _aCulture
650 _aWomen
700 _aFraser, N
_eedt
700 _aBartky, S. L
_eedt
942 _cL
999 _c1699
_d1699